Turbo Pascal wersja 3.0

Guardado en:
Detalles Bibliográficos
Formato: Libro
Lenguaje:polaco
Publicado: Warszawa Wyd. Naukowo-Techniczne 1987
Edición:1. wyd.
Etiquetas: Agregar Etiqueta
Sin Etiquetas, Sea el primero en etiquetar este registro!

MARC

LEADER 00000nam a2200000 4500
001 c034107
005 20250916075911.2
041 0 |a pol 
044 |a PL 
245 1 0 |a Turbo Pascal wersja 3.0  |c Jan Bielecki 
250 |a 1. wyd. 
264 1 |a Warszawa  |b Wyd. Naukowo-Techniczne  |c 1987 
300 |a 168 s.